Estadísticas para Test de Messi

Haz click aquí para intentar la prueba.

Estadísticas generales

  • Esta prueba ha sido intentada 431 veces
  • La puntuación promedio es 6 de 11

Estadísticas de respuestas

PreguntaRespuesta% Correcto
Selección para la que juegaArgentina
99%
¿Con cual de estos jugadores compartió plantel?Todas son correctas
94%
Equipo en el que debutóBarcelona
67%
¿A qué jugador superó en el récord de mayor cantidad de goles en un año natural?Gerd Muller
67%
¿A quién superó el récord de mayor cantidad de goles marcados con un solo club?Pelé
62%
Provincia en la que nacióSanta Fe
60%
¿En que año debutó a nivel selección?2006
46%
Único trofeo logrado con la selección argentinaMundial sub 20
43%
¿En que año debutó a nivel clubes?2005
31%
Arquero al que le convirtió mas golesDiego Alves
31%
¿Cuántos balones de oro posee?6
27%

Distribución de puntuación

Porcentaje por número respondido

Porcentaje de gente con cada puntuación

Historial de tus puntuaciones

No has intentado esta prueba.